Kristillisdemokraattien puheenjohtajat - Statistics

Yleistilastot
  • Tätä visaa on pelattu 8 kertaa
  • Keskiarvotulos 5 / 10
Vastaustilastot
Vuodet Puheenjohtajat % Oikein
2004-2015 Päivi Räsänen
100%
2015- Sari Essayah
100%
1995-2004 Bjarne Kallis
83%
1989-1995 Toimi Kankaanniemi
83%
1973-1982 Raino Westerholm
50%
1982-1989 Esko Almgren
33%
1970-1973 Olavi Majlander
17%
1964-1967 Ahti Tele
0%
1967-1970 Eino Sares
0%
1958-1964 Olavi Päivänsalo
0%
Ehtoja vastaavia visoja ei löytynyt
Tulosjakauma
Jokaisen tuloksen saaneiden osuus
Persentiili vastausten määrän mukaan
Tuloshistoriasi
Et ole pelannut tätä visaa